000 00977aam a2200313 i 4500
001 768714001
003 CO-MdFUSB
005 20250509163847.0
007 ta
008 250509t1994 sp |||| |||| 00| 0 spa d
020 _a84-288-1599-2
040 _cCO-MdFUSB
041 0 _aspa
_heng
082 0 4 _223
_a242.4
_bN9349n
100 1 _aNouwen, Henri J. M. (1932-1996)
_eautor
240 _aOur greatest gift. A meditation on Dying and caring
245 1 0 _aNuestro mayor don :
_buna meditación sobre morir bien y cuidar bien
_c/ Henri J. Nouwen ; traducido por Isabel González Gallarza Granizo
264 1 _bPPC,
_aMadrid, España :
_c[1994]
264 4 _c©1994
300 _a123 páginas
336 _atexto
_btxt
_2rdacontent
337 _2rdamedia
_asin mediación
_bn
338 _2rdacarrier
_avolumen
_bnc
563 _aRústico
653 _aMuerte
700 _aGonzález Gallarza, Isabel,
_911443
_etraductor
942 _cBK
945 _aJTF-925
999 _c35509
_d35509